| 000 | 01186nam a22002777a 4500 | ||
|---|---|---|---|
| 005 | 20080820102532.0 | ||
| 008 | 080820t xxu||||| |||| 00| j hin d | ||
| 010 | _aHIN-84001 | ||
| 020 |
_c140.00 _a9788188286430 |
||
| 035 | _aHN-56347 | ||
| 037 | _aDBAD / PUB | ||
| 040 |
_aDPL _bHN |
||
| 082 | _aक | ||
| 100 | _aआवटे, गोपाल नारायण | ||
| 245 |
_aढाई आखर / _cगोपाल नारायण आवटे |
||
| 246 |
_aDhaai Aakhara _bby G.N.Aavate |
||
| 260 |
_aदिल्ली _bनार्थ इंडिया पब्लिशर्स _c2007 |
||
| 270 |
_aफेस ई 1/265, गली नं-17, सोनिया विहार _bदिल्ली _e110094 |
||
| 300 |
_a104पृ _c22सेमी (सजिल्द) |
||
| 650 | _aलघु कथायें, हिन्दी | ||
| 650 | _aहिन्दी कहानियाँ | ||
| 650 | _aShort stories, Hindi | ||
| 650 | _aHindi stories | ||
| 942 |
_2ddc _cHN _kक _mआवटे |
||
| 999 |
_c14942 _d14942 |
||